[Event "DVM U20 2015"]
[Site "Osnabrück GER"]
[Date "2015.12.27"]
[Round "2"]
[White "Wichmann, Adrian"]
[Black "Nicolai, Tim"]
[Result "1/2-1/2"]
[Termination "normal"]
[Board "8.2"]
[WhiteElo "2014"]
[BlackElo "1771"]
[WhiteTeam "SC Forchheim"]
[BlackTeam "SV Empor Erfurt"]
[PlyCount "42"]
[WhiteFideId "12904708"]
[BlackFideId "12964930"]
[EventCountry "GER"]
[EventRounds "7"]
[EventType "team-swiss"]
[EventDate "2015.12.26"]

1. e4 e5 2. Nf3 Nc6 3. Bc4 Nf6 4. Ng5 d5 5. exd5 b5 6. Bf1 h6 7. Nf3 Nd4 8.
Nxd4 exd4 9. Bxb5+ Bd7 10. Bxd7+ Qxd7 11. O-O Nxd5 12. Re1+ Be7 13. Qf3 O-O 14.
b3 Bg5 15. d3 Rfe8 16. Rf1 Bf6 17. Bb2 Nb4 18. Na3 Qe7 19. h3 Qe2 20. Qxe2 Rxe2
21. Rac1 Rae8 1/2-1/2

[Event "DVM U20 2015"]
[Site "Osnabrück GER"]
[Date "2015.12.27"]
[Round "2"]
[White "Heinke, Jasper"]
[Black "Stephan, Michael"]
[Result "1-0"]
[Termination "normal"]
[Board "8.3"]
[WhiteElo "1932"]
[BlackElo "1911"]
[WhiteTeam "SV Empor Erfurt"]
[BlackTeam "SC Forchheim"]
[PlyCount "69"]
[WhiteFideId "12976466"]
[BlackFideId "24656852"]
[EventCountry "GER"]
[EventRounds "7"]
[EventType "team-swiss"]
[EventDate "2015.12.26"]

1. d4 Nf6 2. Nf3 e6 3. c4 c5 4. g3 b6 5. Bg2 Bb7 6. Nc3 cxd4 7. Qxd4 Nc6 8. Qf4
Be7 9. O-O O-O 10. e4 d6 11. b3 Nb4 12. Qd2 d5 13. e5 Nd7 14. a3 Nc5 15. axb4
Nxb3 16. Qb2 Nxa1 17. cxd5 exd5 18. b5 a6 19. Qxa1 axb5 20. Qb2 b4 21. Ne2 Ba6
22. Rd1 Bc4 23. Ned4 Ra2 24. Qb1 Qa8 25. Bg5 Bc5 26. Be3 Qa4 27. h4 Ra8 28. Kh2
b3 29. Qf5 b2 30. Ng5 Qxd1 31. Qxf7+ Kh8 32. Nde6 Rg8 33. Qf5 Qh5 34. Bf3 Qe8
35. Qxh7# 1-0

[Event "DVM U20 2015"]
[Site "Osnabrück GER"]
[Date "2015.12.27"]
[Round "2"]
[White "Wagner, Robert"]
[Black "Streichardt, Niklas"]
[Result "1-0"]
[Termination "normal"]
[Board "8.4"]
[WhiteElo "1934"]
[BlackElo "1870"]
[WhiteTeam "SC Forchheim"]
[BlackTeam "SV Empor Erfurt"]
[PlyCount "49"]
[WhiteFideId "24656879"]
[BlackFideId "12962643"]
[EventCountry "GER"]
[EventRounds "7"]
[EventType "team-swiss"]
[EventDate "2015.12.26"]

1. d4 d5 2. c4 e6 3. Nf3 c6 4. e3 f5 5. Bd3 Nf6 6. Nc3 Bd6 7. Rb1 Qe7 8. Qc2
Ne4 9. cxd5 exd5 10. Nxd5 Qe6 11. Nc3 Nxc3 12. bxc3 Qg6 13. Nh4 Qg5 14. Nxf5
Bxf5 15. Bxf5 Qxg2 16. Be4 Qg4 17. Rxb7 g6 18. f3 Qc8 19. Qb3 Nd7 20. Qe6+ Kd8
21. Qxd6 Qxb7 22. Bxc6 Qc8 23. Bxa8 Qxa8 24. e4 Qc8 25. Bg5+ 1-0

[Event "DVM U20 2015"]
[Site "Osnabrück GER"]
[Date "2015.12.27"]
[Round "2"]
[White "Dietrich, Mareike"]
[Black "Braun, Kristin"]
[Result "0-1"]
[Termination "normal"]
[Board "8.5"]
[WhiteElo "1740"]
[BlackElo "1789"]
[WhiteTeam "SV Empor Erfurt"]
[BlackTeam "SC Forchheim"]
[PlyCount "70"]
[WhiteFideId "12902470"]
[BlackFideId "24656534"]
[EventCountry "GER"]
[EventRounds "7"]
[EventType "team-swiss"]
[EventDate "2015.12.26"]

1. e4 d5 2. exd5 Nf6 3. d4 Nxd5 4. Nf3 g6 5. c4 Nb6 6. a4 Bg7 7. a5 N6d7 8. Nc3
c5 9. d5 Ne5 10. Bf4 Bg4 11. Be2 Qd6 12. Bg3 Bxf3 13. Bxf3 Qa6 14. Be2 O-O 15.
Nb5 Rc8 16. O-O b6 17. axb6 Qxb6 18. Qa4 a6 19. Rfb1 Qb7 20. d6 Nbd7 21. Nc7
Ra7 22. f4 exd6 23. fxe5 Qxc7 24. exd6 Qc6 25. Qxc6 Rxc6 26. Bf3 Rb6 27. Ra2
Bd4+ 28. Kf1 Ne5 29. Bd5 Rxd6 30. Re1 Re7 31. b3 Rf6+ 32. Bf2 Bxf2 33. Rxe5
Bd4+ 34. Ke1 Rxe5+ 35. Kd1 Rf1+ 0-1

[Event "DVM U20 2015"]
[Site "Osnabrück GER"]
[Date "2015.12.27"]
[Round "2"]
[White "Herter, Leonhard"]
[Black "Sommer, Jan"]
[Result "0-1"]
[Termination "normal"]
[Board "8.6"]
[WhiteElo "1260"]
[BlackElo "1718"]
[WhiteTeam "SC Forchheim"]
[BlackTeam "SV Empor Erfurt"]
[PlyCount "64"]
[WhiteFideId "24697745"]
[BlackFideId "24690090"]
[EventCountry "GER"]
[EventRounds "7"]
[EventType "team-swiss"]
[EventDate "2015.12.26"]

1. e4 e5 2. Nf3 Nc6 3. Bc4 Bc5 4. c3 Nf6 5. d4 exd4 6. cxd4 Bb4+ 7. Bd2 Bxd2+
8. Nfxd2 Nxd4 9. O-O b5 10. e5 bxc4 11. exf6 Qxf6 12. Re1+ Ne6 13. Nc3 O-O 14.
Nxc4 d6 15. Nd5 Qd8 16. Nb4 Bb7 17. Na5 Bxg2 18. Qg4 Bh3 19. Qxh3 Qg5+ 20. Qg3
Qxa5 21. Nc6 Qg5 22. Qxg5 Nxg5 23. Re7 Ne6 24. f4 Rfe8 25. f5 Rxe7 26. Nxe7+
Kf8 27. Rc1 Kxe7 28. fxe6 fxe6 29. Rxc7+ Kf6 30. Kf2 a5 31. a4 Rb8 32. Rc2 Rb4
0-1